Medical - surgical nursing : Concept and practice (Record no. 8235)

MARC details
000 -LEADER
fixed length control field 00745nam a22001817a 4500
020 ## - INTERNATIONAL STANDARD BOOK NUMBER
ISBN 9789393213013
050 ## - CALL NUMBER
Classification number RT41
Item number .Sa9
100 ## - AUTHOR
Personal name Saxena, Vidhu
245 ## - TITLE
Title Medical - surgical nursing : Concept and practice
Statement of responsibility, etc Saxena, Vidhu
260 ## - PUBLICATION INFORMATION
Place of publication Uttar Pradesh India
Name of publisher Universal Pub. House
Year of publication 2021
300 ## - DESCRIPTION
Number of Pages 310p.:
Dimensions 20cm.
500 ## - NOTES
General note Includes index.
505 ## - FORMATTED CONTENTS NOTE
Table of Content 1. Nursing diagnosis<br/>2. Hospital, hygiene- patient and environment<br/>3. Health care system and health management<br/>4. Critical care unit and nursing<br/>5. Caring of cardiac patient<br/>6. Mental health and stigma in psychiatric nursing<br/>7. Respiratory system and disorders<br/>
650 ## - SUBJECTS
Topical Term Nursing
650 ## - SUBJECTS
Topical Term Surgical nursing.
650 ## - SUBJECTS
Topical Term Soins infirmiers.
942 ## - ADDED ENTRY ELEMENTS (KOHA)
Koha item type Books
Holdings
Withdrawn status Lost status Collection code Home library Current library Shelving location Date acquired Source of acquisition Full call number Accession Number Koha item type
    Reference Methodist University Library Main Methodist University Library Main General Stacks 20/01/2022 Universal Publishing RT41 .Sa9 8688 Books
    Reference Methodist University Library Main Methodist University Library Main General Stacks 20/01/2022 Universal Publishing RT41 .Sa9 8689 Books
Copyright © 2026  MUG Library